000
00308 a2200157 4500
001
182271
020
_a
85-900333-1-7
040
_c
Magnum
100
_a
Prates, Luiz Carlos
240
1
0
_a
Um rio
_l
por
245
1
0
_a
Um rio
300
_a
56
362
0
_a
1997
697
_a
LITERATURA GERAL
942
_c
BK
999
_c
182271
_d
182271